Anais do II Seminário Brasileiro de Sementes Pelotas : -- Rio Grande do Sul, setembro de 1968.

Bibliographic Details
Corporate Authors: Seminário Brasileiro de Sementes Pelotas, Rio Grande do Sul, Brazil, Instituto de Pesquisas e Experimentação Agropecuárias do Sul (Brazil), Faculdade de Agronomia Eliseu Maciel
Format: Conference Proceeding Book
Language:Portuguese
Published: Rio de Janeiro -- Guanabara, Brasil : [publisher not identified], 1970.
Subjects:

MARC

Tag First Indicator Second Indicator Subfields
LEADER 00000cam a2200000 a 4500
001 in00000972769
005 20150927111225.0
008 890328s1970 bl a f10010 por d
035 |a (OCoLC)19464924 
035 |9 AEW0803AM 
040 |a Fug  |c FUG  |d TXA  |d UtOrBLW 
043 |a s-bl--- 
049 |a TXAM 
090 |a SB113.3  |b .S441 1968 
111 2 |a Seminário Brasileiro de Sementes  |n (2nd :  |d 1968 :  |c Pelotas, Rio Grande do Sul, Brazil) 
245 1 0 |a Anais do II Seminário Brasileiro de Sementes Pelotas :  |b -- Rio Grande do Sul, setembro de 1968. 
264 1 |a Rio de Janeiro -- Guanabara, Brasil :  |b [publisher not identified],  |c 1970. 
300 |a 369 pages :  |b illustrations ;  |c 27 cm. 
336 |a text  |b txt  |2 rdacontent 
337 |a unmediated  |b n  |2 rdamedia 
338 |a volume  |b nc  |2 rdacarrier 
500 |a "Entidades promotoras: Instituto de Pesquisas e Experimentação Agropecuárias do Sul, EPE -- Ministério da Agricultura, Faculdade de Agronomia Eliseu Maciel, UFRRS -- Ministério da Educação e Cultura." 
650 0 |a Seeds  |z Brazil  |x Congresses. 
710 2 |a Instituto de Pesquisas e Experimentação Agropecuárias do Sul (Brazil) 
710 2 |a Faculdade de Agronomia Eliseu Maciel. 
999 |a MARS 
999 f f |s a5fd76c6-e880-3a74-9128-78a4fb187efd  |i c8a99f14-fb90-3b00-ada6-36c906216679  |t 0 
952 f f |p ric  |a Texas A&M University  |b Rellis Campus  |c Joint Library Facility  |d Remote Storage  |t 0  |e SB113.3 .S441 1968  |h Library of Congress classification  |i unmediated -- volume  |m A14814020108 
998 f f |a SB113.3 .S441 1968  |t 0  |l Remote Storage